| 000 | 00704nam a22002177a 4500 | ||
|---|---|---|---|
| 003 | 0 | ||
| 005 | 20240912135449.0 | ||
| 008 | 240912b xxu||||| |||| 00| 0 eng d | ||
| 020 | _a9781009039703 | ||
| 050 |
_aTR IB QH 315 _b.B864 2023 |
||
| 100 |
_aBroderick, Matthew _eauthor. |
||
| 245 |
_aBiology for the IB diploma : _bworkbook / _cMatthew Broderick, Alice Tully |
||
| 250 | _a2nd ed. | ||
| 260 |
_aCambridge : _bCambridge University Press, _cc2023. |
||
| 300 |
_avii, 276 p. : _bill. ; _c28 cm. |
||
| 440 | _a Cambridge resources for the IB diploma | ||
| 650 |
_aBiology _vStudy and teaching |
||
| 650 |
_aBiology _vProblems, exercises, etc |
||
| 700 |
_aTully, Alice _eauthor. |
||
| 942 |
_2lcc _cBK |
||
| 999 |
_c366226 _d366226 |
||